Wikipedia's level 3 vital articles - Statistics

General Stats
  • This quiz has been taken 488 times
    375 since last reset
  • The average score is 197 of 898
Answer Stats
Article % Correct
e
93%
Jesus
85%
United States
84%
United Kingdom
80%
Li Bai
79%
German
78%
European Union
77%
Japan
76%
Russia
76%
China
75%
George Washington
75%
India
75%
Rome
75%
Australia
73%
International System of Units
73%
Muhammad
73%
π
72%
Adolf Hitler
72%
France
72%
Mexico
72%
Mexico City
72%
Canada
70%
Christopher Columbus
70%
London
70%
New York City
70%
Brazil
69%
Ear
68%
Paris
68%
Sexually transmitted infection
68%
Albert Einstein
67%
Car
67%
Germany
67%
Italy
66%
Joseph Stalin
66%
Man
66%
Taiwan
66%
Egypt
65%
English
65%
French
65%
Spain
65%
United Nations
65%
Drinking water
64%
Iran
64%
Ludwig van Beethoven
64%
Tokyo
64%
Argentina
62%
Beijing
62%
Indonesia
62%
South Africa
62%
The Buddha
61%
Vietnam
61%
Rock
60%
Spanish
60%
World War I
60%
Cat
59%
Israel
59%
Mars
59%
Moscow
59%
South Korea
59%
Turkey
59%
Wolfgang Amadeus Mozart
59%
World War II
59%
Aristotle
58%
Isaac Newton
58%
Natural satellite
58%
Arctic
57%
Leonardo da Vinci
57%
Mercury
57%
Plato
57%
Venus
57%
Pakistan
56%
Saturn
56%
Shen Kuo
56%
Abraham Lincoln
55%
Chinese
55%
Islam
55%
Jupiter
55%
Saudi Arabia
55%
William Shakespeare
55%
Arabic
54%
Julius Caesar
54%
Ukraine
54%
Friedrich Nietzsche
53%
Hindustani
53%
Mountain
53%
River
53%
Socrates
53%
Star
53%
Greek
52%
Iron
52%
Johann Sebastian Bach
52%
Poland
52%
Russian
52%
Thailand
52%
Uranus
52%
Artificial intelligence
51%
God
51%
Japanese
51%
Neptune
51%
Portuguese
51%
Pacific Ocean
50%
Sex
50%
Singing
50%
Woman
50%
Atlantic ocean
49%
Cairo
49%
Christianity
49%
Delhi
49%
Eye
49%
Firearm
49%
Indian ocean
49%
Lake
49%
Nigeria
49%
United Arab Emirates
49%
Algeria
48%
Bengali
48%
Democratic Republic of the Congo
48%
Gold
48%
Mao Zedong
48%
Napoleon
48%
Pablo Picasso
48%
Dog
47%
Istanbul
47%
Judaism
47%
Michelangelo
47%
Milk
47%
Buddhism
46%
Elizabeth I
46%
Emmy Noether
46%
Ethiopia
46%
Heart
46%
Lipid
46%
Malay
46%
Oxygen
46%
Television
46%
Colombia
45%
Ferdinand Magellan
45%
Hinduism
45%
Karl Marx
45%
Netherlands
45%
Philippines
45%
Achaemenid Empire
44%
Carbohydrate
44%
Confucius
44%
Mongol Empire
44%
Rail transport
44%
Thomas Edison
44%
Ancient Rome
43%
Art
43%
Atmosphere of Earth
43%
Common Cold
43%
Mahatma Gandhi
43%
Meat
43%
Sigmund Freud
43%
Hydrogen
42%
James Cook
42%
Silver
42%
Alexander the Great
41%
Brain
41%
Fish
41%
Han dynasty
41%
Nikola Tesla
41%
Singapore
41%
Social Class
41%
Fruit
40%
Galileo Galilei
40%
Immanuel Kant
40%
Painting
40%
Aircraft
39%
Ancient Greece
39%
Bangladesh
39%
Cancer
39%
Carbon
39%
Catholic Church
39%
Galaxy
39%
Genghis Khan
39%
Jerusalem
39%
Kenya
39%
Moses
39%
Rain
39%
Soviet Union
39%
Vegetable
39%
Bronze
38%
Latin
38%
Cattle
37%
Communism
37%
Glass
37%
Hong Kong
37%
Jakarta
37%
Malaysia
37%
Planet
37%
RNA
37%
Space
37%
Wood
37%
Antarctica
36%
Bible
36%
Bird
36%
Bread
36%
Charlemagne
36%
Marie Curie
36%
Martin Luther
36%
Mediterranean Sea
36%
Mumbai
36%
Pop music
36%
Renaissance
36%
Theatre
36%
Wheat
36%
Asteroid
35%
Charles Darwin
35%
Dance
35%
Democracy
35%
Film
35%
Influenza
35%
Lung
35%
Marco Polo
35%
Michael Jackson
35%
Radio
35%
São Paulo
35%
Abraham
34%
Augustus
34%
Clock
34%
Lake Victoria
34%
NATO
34%
Nile
34%
Vasco da Gama
34%
Association football
33%
Cold War
33%
Copper
33%
Gravity
33%
Heat
33%
Light
33%
Metal
33%
Nitrogen
33%
Ottoman Empire
33%
School
33%
Ship
33%
Tree
33%
University
33%
Volcano
33%
Child
32%
Desert
32%
News
32%
Protestantism
32%
Tanzania
32%
Wind
32%
Chicken
31%
Dinosaur
31%
DNA
31%
Myanmar
31%
Petroleum
31%
The Beatles
31%
Bone
30%
Compass
30%
Horse
30%
Internet
30%
Liver
30%
Sculpture
30%
Alcoholic beverage
29%
Ancient Egypt
29%
Black hole
29%
Caribbean
29%
Earthquake
29%
Knife
29%
Lagos
29%
Mammal
29%
Milky Way
29%
Nicolaus Copernicus
29%
Quran
29%
Rice
29%
Sikhism
29%
Southern Ocean
29%
Triangle
29%
Aztecs
28%
Electron
28%
Forest
28%
HIV/AIDS
28%
Inca Empire
28%
Nelson Mandela
28%
Pig
28%
Protein
28%
Shinto
28%
State
28%
Adam Smith
27%
Bacteria
27%
Blood
27%
Capitalism
27%
Comet
27%
Mecca
27%
Racism
27%
Socialism
27%
Steel
27%
Swahili
27%
0
26%
Archimedes
26%
Laozi
26%
Leonhard Euler
26%
Paul the Apostle
26%
Plastic
26%
Algebra
25%
Circle
25%
Maize
25%
Mass
25%
Middle East
25%
Neutron
25%
Play (activity)
25%
Proton
25%
Salt
25%
Sheep
25%
Sugar
25%
Virus
25%
British Empire
24%
Coal
24%
Bronze age
24%
Drug
24%
Employment
24%
Euclid
24%
Gender
24%
Insect
24%
Iron Age
24%
Jazz
24%
Map
24%
Maya civilization
24%
Money
24%
Paper
24%
Parenting
24%
Qin Shi Huang
24%
Rembrandt
24%
Sahara
24%
Satellite
24%
Snow
24%
Stone Age
24%
Taoism
24%
Black Death
23%
Bow and arrow
23%
Chemical reaction
23%
Eastern Orthodox Church
23%
Force
23%
Gene
23%
Henry Ford
23%
Homer
23%
Mississippi River
23%
Monarchy
23%
Novel
23%
Reptile
23%
Rocket
23%
Tea
23%
Video
23%
Big Bang
22%
Byzantine Empire
22%
Dam
22%
Exercise
22%
Opera
22%
Skin
22%
Telephone
22%
Aluminium
21%
Flower
21%
Himalayas
21%
Leo Tolstoy
21%
Mesopotamia
21%
Photography
21%
Potato
21%
René Descartes
21%
Telescope
21%
Yangtze
21%
Calculus
20%
Caspian sea
20%
Charlie Chaplin
20%
Crime
20%
Drawing
20%
Fungus
20%
Health
20%
History of Europe
20%
Holy Roman Empire
20%
Modernism
20%
Poverty
20%
Tropical cyclone
20%
Coffee
19%
Color
19%
Grassland
19%
History of Africa
19%
History of Asia
19%
History of North America
19%
History of South America
19%
Industrial Revolution
19%
Jainism
19%
Love
19%
Marriage
19%
Nuclear power
19%
Poetry
19%
Solar energy
19%
Tornado
19%
Voltaire
19%
Wave
19%
Catherine the Great
18%
Climate change
18%
Cloud
18%
Continent
18%
Dante Alighieri
18%
Dictatorship
18%
French Revolution
18%
Lens
18%
Line
18%
Louis Armstrong
18%
Molecule
18%
Power (social and political)
18%
Road
18%
Sound
18%
Vaccine
18%
Alps
17%
Amazon River
17%
American Revolution
17%
Anarchism
17%
Andes
17%
Atheism
17%
Cheese
17%
Concrete
17%
Fascism
17%
Game
17%
History of Oceania
17%
Middle Ages
17%
Piano
17%
Simón Bolívar
17%
Tang dynasty
17%
Trigonometry
17%
Walt Disney
17%
Amphibian
16%
Arctic ocean
16%
Bridge
16%
Dmitri Mendeleev
16%
Frida Kahlo
16%
Ganges
16%
John Locke
16%
Louis Pasteur
16%
Periodic table
16%
Probability
16%
Rocky Mountains
16%
Sexism
16%
Slavery
16%
Smallpox
16%
Soil
16%
Sulfur
16%
Tax
16%
Video game
16%
Alan Turing
15%
Bicycle
15%
Classical music
15%
Constitution
15%
Joan of Arc
15%
Musical instrument
15%
Orchestra
15%
Trade union
15%
Wind power
15%
Bank
14%
Carl Friedrich Gauss
14%
Colonialism
14%
Confucianism
14%
Cotton
14%
Great Lakes
14%
Greek mythology
14%
Infinity
14%
Johannes Gutenberg
14%
Liberalism
14%
Mobile phone
14%
Myth
14%
Orbit
14%
Plate tectonics
14%
Realism
14%
Reproduction
14%
Rock music
14%
Shia Islam
14%
Silicon
14%
Temperature
14%
Theory of relativity
14%
Weather
14%
Abstract art
13%
Angle
13%
Corporation
13%
Genocide
13%
Glacier
13%
Magnetism
13%
Malaria
13%
Mughal Empire
13%
nth root
13%
Nuclear weapon
13%
Olympic Games
13%
Sunni Islam
13%
Supernova
13%
Tuberculosis
13%
Wheel
13%
Word
13%
Age of Enlightenment
12%
Antibiotic
12%
Camera
12%
Cooking
12%
Crusades
12%
Diabetes
12%
Economy
12%
Equation
12%
Folk music
12%
Friendship
12%
History of art
12%
History of the Middle East
12%
Hospital
12%
Justice
12%
Microscope
12%
Mineral
12%
Motion
12%
Printing
12%
Radioactive decay
12%
Romanticism
12%
Viking Age
12%
Abortion
11%
Carbon dioxide
11%
Cyrus the Great
11%
Day
11%
Fear
11%
Fiction
11%
Great Depression
11%
History of India
11%
Matter
11%
Michael Faraday
11%
Military
11%
Natural gas
11%
Nutrition
11%
Peace
11%
Phosphorus
11%
Photosynthesis
11%
Police
11%
Primate
11%
Roald Amundsen
11%
Skeleton
11%
Sleep
11%
Spanish Empire
11%
Speech
11%
Spice
11%
Suleiman the Magnificent
11%
Surgery
11%
Swimming
11%
Thermodynamics
11%
Year
11%
Cardiovascular disease
10%
Drink
10%
Electromagnetism
10%
Engine
10%
Epic poetry
10%
Exponentiation
10%
Famine
10%
Feminism
10%
Flood
10%
Fraction
10%
Genetics
10%
Hammurabi
10%
Mansa Musa
10%
Miguel de Cervantes
10%
Niccolò Machiavelli
10%
Short story
10%
Soul
10%
Supply and demand
10%
Volume
10%
Afterlife
9%
Cicero
9%
Conservatism
9%
Discrimination
9%
Fossil fuel
9%
History of mathematics
9%
History of music
9%
Momentum
9%
Nationalism
9%
Natural rubber
9%
Obesity
9%
Phoenicia
9%
Quantum mechanics
9%
Ramesses II
9%
Reformation
9%
Species
9%
Sumer
9%
Terrorism
9%
Thomas Aquinas
9%
Variable
9%
Adult
8%
Alphabet
8%
Anger
8%
Area
8%
Ashoka
8%
Cereal
8%
Chemical bond
8%
Electric battery
8%
Finance
8%
Great Wall of China
8%
Gunpowder
8%
Happiness
8%
Human migration
8%
Hydropower
8%
James Clerk Maxwell
8%
Library
8%
Nursing
8%
Photon
8%
Pottery
8%
Pregnancy
8%
Rodent
8%
Set
8%
Simple machine
8%
Space station
8%
Stroke
8%
Suicide
8%
Thought
8%
Virgil
8%
Addiction
7%
Adolescence
7%
Ageing
7%
Algae
7%
Allergy
7%
Animation
7%
Archaea
7%
Archaeology
7%
Belief
7%
Board game
7%
Calendar
7%
Canal
7%
Dream
7%
Electric motor
7%
Fashion
7%
Function
7%
Gambling
7%
Hippocrates
7%
History of East Asia
7%
History of literature
7%
Human rights
7%
Imperialism
7%
Infection
7%
Integer
7%
Integrated circuit
7%
Learning
7%
Mathematical analysis
7%
Measurement
7%
Mental disorder
7%
Mental health
7%
Mollusca
7%
Museum
7%
Nature
7%
Nervous system
7%
Optics
7%
Pneumonia
7%
Pollution
7%
Prayer
7%
Real number
7%
Renewable energy
7%
Scientific method
7%
Season
7%
Seed
7%
Sense
7%
Sexual intercourse
7%
Sociology
7%
Sport of athletics
7%
Talmud
7%
Taxonomy
7%
Topology
7%
Toy
7%
Vedas
7%
Zheng He
7%
Akbar
6%
Amazon rainforest
6%
Anthropology
6%
Antoine Lavoisier
6%
Armor
6%
Asthma
6%
Chemical compound
6%
Comics
6%
Complex number
6%
Crustacean
6%
Digestion
6%
Ecosystem
6%
Extinction
6%
Fishing
6%
Florence Nightingale
6%
Garden
6%
Grammar
6%
Great Barrier Reef
6%
Great Pyramid of Giza
6%
Herodotus
6%
History of Earth
6%
History of film
6%
History of medicine
6%
Humour
6%
Hunting
6%
Indo-European languages
6%
Insurance
6%
Liberty
6%
Limit
6%
Linguistics
6%
Logarithm
6%
Mail
6%
Marketing
6%
Mining
6%
Natural number
6%
Old age
6%
Organic chemistry
6%
Organism
6%
Paleontology
6%
Personal name
6%
Polygon
6%
Prime number
6%
Sexual orientation
6%
Soybean
6%
Speed of light
6%
State of matter
6%
Steam engine
6%
Stove
6%
Strong interaction
6%
Subatomic particle
6%
Textile
6%
Vacuum
6%
Weak interaction
6%
Weapon
6%
Age of Discovery
5%
Algorithm
5%
Alloy
5%
Anesthesia
5%
Arabic numerals
5%
Arthropod
5%
Avicenna
5%
Biochemistry
5%
Botany
5%
Card game
5%
Carl Linnaeus
5%
Chinese folk religion
5%
Classical mechanics
5%
Consciousness
5%
Construction
5%
Decolonization
5%
Dentistry
5%
Design
5%
Disability
5%
Electromagnetic radiation
5%
Erosion
5%
Eukaryote
5%
Explosive
5%
Furniture
5%
Gupta Empire
5%
History of agriculture
5%
History of technology
5%
Human body
5%
Immune system
5%
Indus Valley Civilisation
5%
Infant
5%
Kurt Gödel
5%
Laser
5%
Linear algebra
5%
Martial arts
5%
Meditation
5%
Metaphysics
5%
Outer space
5%
Political party
5%
Property
5%
Reason
5%
Refrigeration
5%
Scramble for Africa
5%
Series
5%
Silk Road
5%
Smoking
5%
Spirituality
5%
Tourism
5%
Truth
5%
Violence
5%
Adi Shankara
4%
Aesthetics
4%
Alcoholism
4%
Biodiversity
4%
Broadcasting
4%
Calligraphy
4%
Circulatory system
4%
Cyrillic scripts
4%
Diplomacy
4%
Electric light
4%
Electronics
4%
Environmentalism
4%
Epistemology
4%
European colonization of the Americas
4%
Fairy tale
4%
Festival
4%
Fortification
4%
Heredity
4%
History of architecture
4%
Hokusai
4%
Human evolution
4%
Hygiene
4%
Ideology
4%
Infrastructure
4%
Injury
4%
Intelligence
4%
Internal combustion engine
4%
International Red Cross and Red Crescent Movement
4%
Islamic Golden Age
4%
Mahayana
4%
Management
4%
Mathematical proof
4%
Medication
4%
Memory
4%
Mesoamerica
4%
Metabolism
4%
Military history
4%
Muhammad ibn Musa al-Khwarizmi
4%
Murasaki Shikibu
4%
Natural selection
4%
Neolithic Revolution
4%
Newton's laws of motion
4%
Number theory
4%
Ontology
4%
Personality
4%
Physical cosmology
4%
Popular culture
4%
Publishing
4%
Rabindranath Tagore
4%
Retail
4%
Ritual
4%
Robotics
4%
Rumi
4%
Scientific Revolution
4%
Semiconductor device
4%
Shamanism
4%
Social science
4%
Standard Model
4%
Suffrage
4%
Theravada
4%
Welfare
4%
Western imperialism in Asia
4%
Zoology
4%
Abiogenesis
3%
Andean civilizations
3%
Arabic script
3%
Bhagavad Gita
3%
Birth Control
3%
Brahmic scripts
3%
Catalyst
3%
Chinese characters
3%
Community
3%
Computer science
3%
Contemporary history
3%
Domestication
3%
Earth science
3%
Eastern philosophy
3%
English literature
3%
Free will
3%
Good and evil
3%
Greek alphabet
3%
Green Revolution
3%
Hatshepsut
3%
Hormone
3%
Human behavior
3%
Ibn Khaldun
3%
Indigenous peoples
3%
Information Age
3%
Inorganic chemistry
3%
Internal structure of Earth
3%
Jewellery
3%
Latin script
3%
Mary Wollstonecraft
3%
Masonry
3%
Molecular biology
3%
Navigation
3%
New religious movement
3%
Oral tradition
3%
Particle physics
3%
Political science
3%
Pre-Columbian era
3%
Prehistoric art
3%
Privacy
3%
Radar
3%
Redox
3%
Sanitation
3%
Secularism
3%
Skeletal muscle
3%
Social equality
3%
Space exploration
3%
Spaceflight
3%
Telecommunications
3%
Traditional African religions
3%
Western philosophy
3%
Abstract algebra
2%
Acid–base reaction
2%
Animal husbandry
2%
Biotechnology
2%
Civil engineering
2%
Combinatorics
2%
Cryptography
2%
Early human migrations
2%
Fertilizer
2%
Food preservation
2%
Gastroenteritis
2%
Genetic engineering
2%
Globaliziation
2%
Mechanical engineering
2%
Medical imaging
2%
Metallurgy
2%
Philosophy of science
2%
Physical chemistry
2%
Three-dimensional space
2%
Conic section
1%
No matching quizzes found
Score Distribution
Percent of People with Each Score
Percentile by Number Answered
Your Score History
You have not taken this quiz since the last reset